000 00482nam a2200181Ia 4500
005 20250508152443.0
008 008 250505s9999 xx 000 0 eng d
037 _aTextual
040 _aFEDL
_beng
_cFEDL
041 _aeng
_2eng
084 _a954.04, GUP
_qFEDL
100 _aGupta Jyoti Bhusan Das
_9461329
245 0 _aIndo-Pakistan relations 1947-1955
260 _c1958
300 _axii,254p.
942 _cTEXL
_h954.04, GUP
999 _c1336523
_d1336523